عرض عادي
عرض مارك
- Semaan, Elie
مدخل إسم شخص
001 - رقم الضبط
- حقل الضبط: 4966
003 - معرف رقم الضبط
- حقل الضبط: OSt
005 - تاريخ ووقت أخر عملية
- حقل الضبط: 20110928200937.0
008 - عناصر بيانات ثابتة الطول
- حقل تحكم ثابت الطول: 110928|||a|||||| | ||| d
040 ## - مصدر الفهرسة
- هيئة الفهرسة الأصلية: OSt
- وكالة الكتابة: OSt
100 ## - مدخل -- أسم شخص
- إسم شخص: Semaan, Elie
670 ## - بيانات المصدر موجوده
- الاستشهاد بالمصدر: Work cat.: (OSt)641: Rob, Peter.10 4959, Databases Databases, c2004.
